000 00626nam a2200205Ia 4500
005 20230608091542.0
008 131103s9999 xx 000 0 und d
040 _aLoreto College
041 _aEnglish
082 _a937
_bBUR
100 _aBury,J.B.
245 _aHistory of the later Roman empire
_b from the death of Theodosius I to the death of Justinian
_cJ.B.Bury
260 _aNew York
_bDover Publisations
_c1958
300 _axxv,471,16 p.
_b ill.,maps,plans
504 _aIncludes bibliographical references
650 _aAncient History
651 _aRome - Ancient History
850 _aLCLIB
942 _cBK
999 _c8602
_d59081